| 000 | 00996cab a2200229 4500 | ||
|---|---|---|---|
| 001 | ABS67577 | ||
| 008 | 040326n2004 000 0 eng u | ||
| 035 | _a(Sirsi) u125599 | ||
| 245 | _aInternational costs | ||
| 260 | _c2004 | ||
| 490 |
_aBuilding _v269(8233) 12 March 2004, 64-69(6) |
||
| 520 | _aExamines the 12th annual Gardiner and Theobald "International construction cost survey". Reports that construction inflation for 2003 is 3.3% for 20 nations in Europe, Asia and the Middle East. This is up 0.1% from last year's average but down on 2001's figure of 3.7%. Includes statistics on labour rates, inflation rates and forecasts and building costs for offices industrial, residential and retail. | ||
| 590 | _aABS | ||
| 650 | _aGARDINER AND THEOBALD INTERNATIONAL CONSTRUCTION COST SURVEY | ||
| 650 | _aGLOBAL CONSTRUCTION | ||
| 650 | _aEUROPE | ||
| 650 | _aASIA | ||
| 650 | _aMIDDLE EAST | ||
| 650 | _aINFLATION | ||
| 690 | _aBUILT ENVIRONMENT-BUILDING COSTS | ||
| 942 | _n0 | ||
| 999 |
_c74306 _d74306 |
||